000 00376 a2200157 4500
020 _a9695191150
082 _a297.124
090 _c5202
_d5202
100 _aKoya,P.K.
245 _aHadith and Sunnah Ideals and Realities
_cP.K.Koya
250 _a1st
260 _aLahore
_bSuhail Academy
_c2005
300 _a326p
500 _aHard cover
942 _aNBS
_cBK
_k297.124 KOY
999 _c347621
_d347621